000 00370nam a2200145Ia 4500
008 230917s9999||||xx |||||||||||||| ||und||
040 _e127066
_aMAIN
041 _aEnglish
082 _a323.4 D451V
100 _aDesai, A R
245 0 _aViolation of democratic rights in India
260 _aBombay
_bPopular Prakashan
_c1986
300 _axxxi, 624p. p.
942 _cBK
999 _c68034
_d68034